000 00564nam a2200193 i 4500
001 87787
003 ES-MaACL
007 t|
008 041223s1955 sp ||||1| spa d
100 1 _aKurz, Carmen.
_969072
245 1 0 _aDuermen bajo las aguas
_b: novela /
_cCarmen Kurz.
250 _a[1ª ed.].
260 _aBarcelona :
_bPlaneta,
_c[1955] (
_fHorta)
300 _a368 p. ;
_c19 cm.
490 1 _aAutores españoles contemporáneos
830 0 _aAutores españoles contemporáneos
_9180811
852 _aES-MaACL
_jC-9723
_bR.37668
999 _c87787
_d87787